Boston Celtics Roster 2021-2022 - Statistics

General Stats
  • This quiz has been taken 80 times
  • The average score is 10 of 17
Answer Stats
Number Position Player % Correct
7 SG Jaylen Brown
100%
0 SF Jayson Tatum
100%
42 C Al Horford
94%
36 PG Marcus Smart
94%
12 PF Grant Williams
84%
44 C Robert Williams III
84%
9 PG Derrick White
83%
11 PG Payton Pritchard
78%
27 C Daniel Theis
67%
30 SF Sam Hauser
54%
40 F Luke Kornet
46%
26 SF Aaron Nesmith
37%
13 G Nik Stauskas
24%
97 G Brodric Thomas
21%
8 F Malik Fitts
14%
16 F Juwan Morgan
13%
- F Matt Ryan
13%
No matching quizzes found
Score Distribution
Percent of People with Each Score
Percentile by Number Answered
Your Score History
You have not taken this quiz